000 00575nam a2200229Ia 4500
003 OSt
005 20220918191731.0
006 a|||||r|||| 00| 0
007 ta
008 220917b |||||||| |||| 00| 0 eng d
024 _a64,832
037 _cTextual
040 _aARTS
_cARTS
_beng
041 _2eng
_aeng
082 _aQ4:23, J0
100 _aDasgupta Shashi Bhusan
_977056
245 0 _aIntroduction to Tantric Buddhism
260 _c1950
650 _aRELIGION
942 _hQ4:23, J0
_cTEXL
_2CC
999 _c191195
_d191195